000 01223cam a2200313 i 4500
001 zz2007929576
003 NUKAT
005 20260411204548.0
008 070918s1913 gw d |000 0dger c
035 _a(OCoLC)749436853
035 _a(NUKAT)zz2007929576
040 _aTOR U/PDJR
_cTOR U/PDJR
_dTOR U/AP
_dKR 295/ADs
245 0 0 _aLexikon der Pädagogik.
_nBd. 1,
_pAbbitte bis Forstschulen /
_cim Verein mit Fachmännern und unter besonderer Mitwirkung von Otto Willmann ; hrsg. von Ernst M. Roloff.
246 3 _aAbbitte bis Forstschulen
260 _aFreiburg im Breisgau :
_bHerdersche Verlagshandlung,
_c1913.
300 _aXVII, [1] s., 1346 szp. ;
_c26 cm.
336 _aTekst
_btxt
_2rdacontent
337 _aBez urządzenia pośredniczącego
_bn
_2rdamedia
338 _aWolumin
_bnc
_2rdacarrier
380 _aKsiążki
650 7 _aPedagogika
_2DBN
_939342
650 7 _aEdukacja
_vencyklopedie.
_2kaba
_939889
650 7 _aPedagogika
_vencyklopedie.
_2kaba
_939890
655 7 _aEncyklopedia
_2DBN
_934994
700 1 _aWillmann, Otto
_d(1839-1920).
_eOprac.
_939891
700 1 _aRoloff, Ernst Max
_d(1867-1935).
_eRed.
_939892
710 2 _aHerdersche Verlagsbuchhandlung.
_4pbl
_936009
942 _2ddc
_cBK_NM
999 _c27539
_d27539